000 00950nam a2200289 a 4500
001 64100
003 BD-RjUL
005 20211209081254.0
008 170208s1974 ilua b 001 0 eng
020 _a0673043185
035 _a(BD-RjUL)64230
040 _aDLC
_cDLC
_dBD-RjUL
_beng
041 _aeng
082 0 0 _a909.82
_223
_bWAT 1974
100 1 _aWallbank, T. Walter
_q(Thomas Walter),
_d1901-
_9190380
245 1 0 _aTwentieth century world /
_cT. Walter Wallbank and Arnold Schrier.
260 _aGlenview, Ill. :
_bScott, Foresman,
_cc1974.
300 _a286 p. :
_bill. ;
_c23 cm.
490 0 _aScott Foresman world studies program
504 _aIncludes bibliography
650 0 _aHistory, Modern
_y20th century.
_9177793
650 1 _aHistory, Modern
_y20th century.
_9177793
700 1 _aSchrier, Arnold,
_ejoint author.
_9190381
830 _aScott Foresman world studies program
_9190383
942 _2ddc
_cBK
999 _c64100
_d64100